[Event "Landesklasse West 2024/25"]
[Site "?"]
[Date "2025.03.30"]
[Round "7.7"]
[White "Wild, Noah"]
[Black "Hoffmann, Karsten"]
[Result "0-1"]
[WhiteElo "857"]
[BlackElo "1645"]
[PlyCount "38"]
[EventDate "2024.09.15"]
[EventType "team-tourn"]
[EventRounds "9"]
[WhiteTeam "ESV Lok Meiningen"]
[BlackTeam "SC Rochade Steinbach-Hallenberg"]

{[%evp 0,38,27,44,53,48,33,32,76,54,54,34,32,32,56,23,47,48,48,28,17,-14,39,-39,-12,-20,-28,-179,-163,-431,-434,-549,-570,-566,-566,-602,-514,-1282,-1282,-29999,-30000]} 1. e4 c5 2. Nf3 Nc6 3. Bb5 g6 4. d3 Bg7 5. Nc3 Nf6 6. Be3 b6 7. d4 cxd4 8. Nxd4 Bb7 9. O-O O-O 10. a4 Qc7 11. Re1 a6 12. Bxc6 dxc6 13. Nce2 c5 14. Bf4 e5 15. Be3 cxd4 16. Bd2 Nxe4 17. Bb4 Qc6 18. Rf1 Nc3 19. bxc3 Qxg2# 0-1

[Event "Thüringenliga 2024/25"]
[Site "?"]
[Date "2025.04.27"]
[Round "8.1"]
[White "Zehnter, Sebastian"]
[Black "Recknagel, Michael"]
[Result "1-0"]
[WhiteElo "2266"]
[BlackElo "2084"]
[PlyCount "49"]
[EventDate "2024.09.15"]
[EventType "team-tourn"]
[EventRounds "9"]
[WhiteTeam "Ilmenauer SV"]
[BlackTeam "SC Suhl"]

{[%evp 0,49,19,31,19,13,27,-20,21,32,58,25,29,21,38,30,35,15,25,24,45,33,39,24,38,9,33,10,24,24,40,47,47,52,105,106,106,88,139,155,235,253,264,257,268,265,273,267,454,349,505,666]} 1. d4 d5 2. Nf3 Nf6 3. c4 c6 4. e3 Bg4 5. Nc3 e6 6. h3 Bxf3 7. Qxf3 Nbd7 8. cxd5 cxd5 9. Bd2 Be7 10. Bd3 O-O 11. O-O a6 12. Rad1 b5 13. g4 b4 14. Ne2 e5 15. Qg2 e4 16. Bb1 b3 17. axb3 Rb8 18. Bc2 Rc8 19. Nc3 Ne8 20. Nxd5 Rxc2 21. Qxe4 Rxd2 22. Qxe7 Qa5 23. Qxd7 Rc2 24. Ra1 Qd2 25. Rxa6 1-0

[Event "Thüringenliga 2024/25"]
[Site "?"]
[Date "2025.04.27"]
[Round "8.2"]
[White "Berghof, Axel"]
[Black "Ziganshin, Ainur"]
[Result "0-1"]
[WhiteElo "2042"]
[BlackElo "2244"]
[PlyCount "100"]
[EventDate "2024.09.15"]
[EventType "team-tourn"]
[EventRounds "9"]
[WhiteTeam "SC Suhl"]
[BlackTeam "Ilmenauer SV"]

{[%evp 0,61,25,25,26,27,34,27,24,21,30,27,30,30,30,24,20,7,1,-19,-8,-14,22,12,36,22,37,37,37,37,60,68,50,41,41,7,69,44,77,78,95,111,124,13,41,46,34,7,-7,-13,6,-32,-77,-115,-115,-135,-84,-185,-185,-178,-178,-207,-196,-232]} 1. d4 d5 2. Nf3 Nf6 3. Bf4 e6 4. e3 Be7 5. h3 O-O 6. Nbd2 b6 7. Bd3 Bb7 8. c3 c5 9. Qb1 Nbd7 10. g4 g6 11. Rg1 cxd4 12. exd4 Re8 13. Kf1 a6 14. a4 Ra7 15. Qc2 Qa8 16. Re1 Bc6 17. h4 b5 18. h5 Nf8 19. Ne5 bxa4 20. hxg6 fxg6 21. Nxc6 Qxc6 22. Nf3 N6d7 23. Ra1 a3 24. b4 Rc8 25. Rc1 Bd6 26. Be3 Nb6 27. Ne5 Qa4 28. Qa2 Rac7 29. Bc2 Qe8 30. Bd2 Bxe5 31. dxe5 Nc4 32. Bd3 d4 33. Bxc4 Rxc4 34. Rg3 Qb5 35. Kg1 d3 36. Qxa3 Qxe5 37. f4 Qd6 38. Re1 g5 39. Qa5 gxf4 40. Rf3 Ng6 41. Qg5 Rf8 42. Rh3 e5 43. Rf1 e4 44. Qh6 Rc7 45. Rh5 Qb6+ 46. Kh2 e3 47. Rf5 Rcf7 48. R1xf4 exd2 49. Rxf7 Rxf7 50. Rxf7 Qd6+ 0-1

[Event "Thüringenliga 2024/25"]
[Site "?"]
[Date "2025.04.27"]
[Round "8.3"]
[White "Geißhirt, Marco"]
[Black "Feld-Gerdes, Wolfgang"]
[Result "1/2-1/2"]
[WhiteElo "1984"]
[BlackElo "2053"]
[PlyCount "77"]
[EventDate "2024.09.15"]
[EventType "team-tourn"]
[EventRounds "9"]
[WhiteTeam "Ilmenauer SV"]
[BlackTeam "SC Suhl"]

{[%evp 0,77,19,-12,-9,-12,33,1,25,-22,-15,-5,5,13,13,11,16,25,23,19,28,-4,48,-11,46,2,23,18,41,62,60,57,86,55,49,78,88,88,95,90,151,110,250,85,201,115,113,107,101,40,11,-35,102,89,333,-109,308,348,322,348,565,186,282,98,93,99,77,69,58,70,101,101,96,0,0,0,0,0,0,0]} 1. c4 Nf6 2. Nc3 b6 3. e4 Bb7 4. d3 e5 5. f4 Nc6 6. Nf3 d6 7. Be2 Be7 8. O-O Nd7 9. a3 Bf6 10. f5 Nd4 11. Be3 g6 12. fxg6 hxg6 13. Nd5 Bxd5 14. cxd5 Nxf3+ 15. Rxf3 Bg5 16. Bf2 Kf8 17. Qc2 a5 18. Rf1 Rh7 19. d4 Bf6 20. Bb5 Bh8 21. Qc6 f6 22. g4 Kg8 23. Qc1 Bg7 24. g5 fxg5 25. Be3 Bh6 26. Rh3 exd4 27. Bxd4 Ne5 28. Bxe5 dxe5 29. Qc6 Bg7 30. Rhf3 g4 31. Qe6+ Kh8 32. Qxg4 Qe7 33. Bc6 Rf8 34. Qxg6 Rxf3 35. Rxf3 Qc5+ 36. Kg2 Qc2+ 37. Rf2 Rxh2+ 38. Kxh2 Qxf2+ 39. Qg2 1/2-1/2

[Event "Thüringenliga 2024/25"]
[Site "?"]
[Date "2025.04.27"]
[Round "8.4"]
[White "Koch, Stefan"]
[Black "Eichenauer, Pascal"]
[Result "0-1"]
[WhiteElo "1902"]
[BlackElo "2054"]
[PlyCount "38"]
[EventDate "2024.09.15"]
[EventType "team-tourn"]
[EventRounds "9"]
[WhiteTeam "SC Suhl"]
[BlackTeam "Ilmenauer SV"]

1. e4 e5 2. Nf3 Nc6 3. Bc4 Nf6 4. d4 exd4 5. O-O Nxe4 6. Nxd4 d5 7. Bb5 Bd7 8. Nf3 Be7 9. Qxd5 Nd6 10. Ba4 O-O 11. Bb3 a5 12. c3 a4 13. Bc2 Be6 14. Qd3 g6 15. Re1 b5 16. Nd4 Nxd4 17. Qxd4 Nc4 18. Qxd8 Rfxd8 19. Rd1 Bf5 0-1

[Event "Thüringenliga 2024/25"]
[Site "?"]
[Date "2025.04.27"]
[Round "8.5"]
[White "Rauch, Arwid"]
[Black "Trautmann, Johannes"]
[Result "1/2-1/2"]
[WhiteElo "1686"]
[BlackElo "1818"]
[PlyCount "94"]
[EventDate "2024.09.15"]
[EventType "team-tourn"]
[EventRounds "9"]
[WhiteTeam "Ilmenauer SV"]
[BlackTeam "SC Suhl"]

{[%evp 0,69,19,38,40,41,51,21,44,51,43,27,68,48,79,31,18,14,15,5,3,-9,-10,-28,-28,-49,-14,-37,-3,-11,-9,-21,-16,-27,-27,-28,-39,-59,-62,-60,-40,-66,-77,-88,-78,-101,-56,-55,-80,-102,-94,-77,-80,-82,-54,-99,-61,-96,-104,-113,-114,-29993,-29994,-29995,-45,-48,-74,-118,-124,-118,-157,-279]} 1. e4 c5 2. Nf3 Nc6 3. Bb5 Nf6 4. e5 Nd5 5. O-O g6 6. Nc3 Nxc3 7. bxc3 Bg7 8. Re1 O-O 9. h3 d5 10. Bxc6 bxc6 11. d4 Qa5 12. Bd2 c4 13. a4 h6 14. Qc1 Kh7 15. Qa3 Qc7 16. g4 Be6 17. Rab1 Rab8 18. Rb4 a5 19. Rxb8 Rxb8 20. Ra1 Qd7 21. Nh2 h5 22. f3 Qb7 23. Bc1 f6 24. Bf4 fxe5 25. Bxe5 Bxe5 26. dxe5 Rf8 27. Rf1 hxg4 28. Nxg4 Bxg4 29. hxg4 Qc7 30. e6 Qg3+ 31. Kh1 Qh4+ 32. Kg2 Kg7 33. Rh1 Qf6 34. Rh3 Qxe6 35. Qc1 Rh8 36. Rxh8 Kxh8 37. Qh6+ Kg8 38. Kf2 c5 39. Qf4 Kg7 40. Qc7 d4 41. cxd4 cxd4 42. Qxa5 Qe3+ 43. Kg3 Qg1+ 44. Kf4 Qe3+ 45. Kg3 Qg1+ 46. Kf4 Qc1+ 47. Kg3 Qg1+ 1/2-1/2

[Event "Thüringenliga 2024/25"]
[Site "?"]
[Date "2025.04.27"]
[Round "8.6"]
[White "Ansorg, Nico"]
[Black "Ortlepp, Steffen"]
[Result "1/2-1/2"]
[WhiteElo "1801"]
[BlackElo "1823"]
[PlyCount "35"]
[EventDate "2024.09.15"]
[EventType "team-tourn"]
[EventRounds "9"]
[WhiteTeam "SC Suhl"]
[BlackTeam "Ilmenauer SV"]

1. d4 Nf6 2. c4 g6 3. Nc3 d5 4. Bf4 Bg7 5. Nb5 Na6 6. e3 O-O 7. Nf3 c6 8. Nc3 Qa5 9. Qd2 Be6 10. c5 Nh5 11. Bg3 Nxg3 12. hxg3 b6 13. cxb6 axb6 14. Ng5 h6 15. Nxe6 fxe6 16. Bxa6 Qxa6 17. Qe2 Qxe2+ 18. Kxe2 1/2-1/2

[Event "Thüringenliga 2024/25"]
[Site "?"]
[Date "2025.04.27"]
[Round "8.7"]
[White "Jung, Timo"]
[Black "Silberschlag, Jörg"]
[Result "0-1"]
[WhiteElo "1443"]
[BlackElo "2017"]
[PlyCount "92"]
[EventDate "2024.09.15"]
[EventType "team-tourn"]
[EventRounds "9"]
[WhiteTeam "Ilmenauer SV"]
[BlackTeam "SC Suhl"]

1. e4 c5 2. Be2 Nc6 3. f4 g6 4. Nf3 Bg7 5. c3 e6 6. d4 cxd4 7. cxd4 d5 8. e5 Nge7 9. Nc3 a6 10. b3 b5 11. g4 h5 12. gxh5 Rxh5 13. Ng5 Rh4 14. Nf3 Rh3 15. Be3 Nf5 16. Bf2 Bf8 17. Bf1 Rh8 18. Rc1 Bb4 19. Qd3 Bb7 20. Kd1 Ba3 21. Rb1 Rc8 22. h4 Qa5 23. Be1 Qb6 24. Ne2 Nb4 25. Bxb4 Bxb4 26. Rc1 Rxc1+ 27. Nxc1 Ng3 28. Rh2 Ne4 29. Ne2 Ke7 30. Ng5 Qa5 31. Nxe4 dxe4 32. Qb1 Be1 33. Qc2 Rc8 34. Qb2 e3 35. Bg2 Bxg2 36. Rxg2 Bf2 37. b4 Qc7 38. Rh2 Qc4 39. Qb1 Qd5 40. h5 gxh5 41. f5 Qf3 42. f6+ Kd7 43. Qh7 Rf8 44. Qc2 Bg3 45. Qd3 Bxh2 46. a4 Rc8 0-1

[Event "Thüringenliga 2024/25"]
[Site "?"]
[Date "2025.04.27"]
[Round "8.8"]
[White "Will, Ralph"]
[Black "Schenk, Stefan"]
[Result "0-1"]
[WhiteElo "1735"]
[BlackElo "1890"]
[PlyCount "146"]
[EventDate "2024.09.15"]
[EventType "team-tourn"]
[EventRounds "9"]
[WhiteTeam "SC Suhl"]
[BlackTeam "Ilmenauer SV"]

1. d4 Nf6 2. Nf3 g6 3. g3 Bg7 4. Bg2 O-O 5. O-O d6 6. c3 Nbd7 7. Nbd2 e5 8. dxe5 dxe5 9. Qc2 Rb8 10. Re1 b6 11. b3 Bb7 12. Ba3 Re8 13. e4 Nc5 14. Bxc5 bxc5 15. Rad1 Qe7 16. Nc4 Nd7 17. Nfd2 Red8 18. Ne3 Nb6 19. Ndc4 Nxc4 20. Nxc4 Rxd1 21. Rxd1 Rd8 22. Ne3 c6 23. Nc4 Bc8 24. Bf1 h5 25. Rxd8+ Qxd8 26. Qd3 Qxd3 27. Bxd3 Bd7 28. Kf1 Bf6 29. Ke2 Kf8 30. h4 Ke8 31. Na5 Bd8 32. Nb7 Be7 33. Na5 Kd8 34. Bc4 Be8 35. Ba6 Kc7 36. Nc4 f6 37. Ke3 Bd7 38. f3 Bh3 39. Kf2 Bf8 40. Ne3 Bd7 41. Nc4 Bh6 42. Ne3 f5 43. Nc4 Bg7 44. Nd2 f4 45. Bc4 Be8 46. Be6 Bf6 47. Nc4 Bg7 48. Kg2 Bf6 49. Bh3 Bf7 50. Kf2 Bg8 51. Kg2 Bxc4 52. bxc4 g5 53. hxg5 Bxg5 54. Bf5 fxg3 55. Kxg3 Kb6 56. Bd7 Bd2 57. Kh4 Bxc3 58. Kxh5 Ka5 59. Bxc6 Kb4 60. Bb5 Ka3 61. Kg4 Kxa2 62. f4 exf4 63. Kxf4 Kb3 64. e5 Kb4 65. Kf5 Be1 66. Ba6 Ka5 67. Bb5 a6 68. Bc6 Kb4 69. e6 Bh4 70. Ke4 a5 71. Kd5 Be7 72. Be8 a4 73. Bg6 Kc3 0-1

[Event "Thüringenliga 2024/25"]
[Site "?"]
[Date "2025.04.27"]
[Round "8.1"]
[White "Carnot, Luca"]
[Black "Bock, Marlon"]
[Result "1/2-1/2"]
[WhiteElo "2041"]
[BlackElo "2050"]
[PlyCount "30"]
[EventDate "2024.09.15"]
[EventType "team-tourn"]
[EventRounds "9"]
[WhiteTeam "TSG Apolda"]
[BlackTeam "SSV Vimaria 91 Weimar"]

{[%evp 0,30,25,32,32,29,17,-13,53,42,43,51,43,33,24,28,25,21,58,74,74,65,20,32,48,29,33,44,47,42,42,57,61]} 1. d4 d5 2. Nf3 Nf6 3. c4 dxc4 4. e3 e6 5. Bxc4 a6 6. Be2 c5 7. O-O Nc6 8. dxc5 Qxd1 9. Rxd1 Bxc5 10. a3 O-O 11. b4 Be7 12. Bb2 b5 13. Nbd2 Rd8 14. Nb3 Bb7 15. Rac1 Rac8 1/2-1/2

[Event "Thüringenliga 2024/25"]
[Site "?"]
[Date "2025.04.27"]
[Round "8.4"]
[White "Mysliwiec, Jörg"]
[Black "Rohmeiß, Roberto"]
[Result "1/2-1/2"]
[WhiteElo "2034"]
[BlackElo "1970"]
[PlyCount "37"]
[EventDate "2024.09.15"]
[EventType "team-tourn"]
[EventRounds "9"]
[WhiteTeam "SSV Vimaria 91 Weimar"]
[BlackTeam "TSG Apolda"]

{[%evp 0,37,22,-24,2,-6,-9,-23,-8,-8,8,12,9,11,12,8,8,14,42,-7,-7,-17,-20,-17,-23,-14,-25,-3,33,29,22,-4,23,25,26,21,19,15,34,15]} 1. b3 d5 2. Bb2 Nf6 3. Nf3 e6 4. e3 Be7 5. Be2 O-O 6. O-O c5 7. c4 Nc6 8. cxd5 Nxd5 9. a3 Bf6 10. Qc2 Bxb2 11. Qxb2 b6 12. Rd1 Qf6 13. Qxf6 gxf6 14. Nc3 Rd8 15. Rab1 Bb7 16. b4 Nxc3 17. dxc3 cxb4 18. cxb4 Kf8 19. Kf1 1/2-1/2

[Event "Thüringenliga 2024/25"]
[Site "?"]
[Date "2025.04.27"]
[Round "8.5"]
[White "Kroh, Christian"]
[Black "Philipp, Michael"]
[Result "0-1"]
[WhiteElo "1808"]
[BlackElo "2033"]
[PlyCount "86"]
[EventDate "2024.09.15"]
[EventType "team-tourn"]
[EventRounds "9"]
[WhiteTeam "TSG Apolda"]
[BlackTeam "SSV Vimaria 91 Weimar"]

{[%evp 0,86,22,17,64,64,58,38,56,75,64,58,30,44,48,18,51,50,43,51,72,7,10,-7,-3,-19,-24,-21,-23,-29,-11,-21,-18,-21,-24,-34,-9,-11,-24,-47,-50,-57,-65,-56,-59,-74,-74,-75,-29,-34,-38,-37,-37,-61,-32,-32,-28,-47,-44,-39,-34,-44,-55,-68,-45,-57,-57,-67,-63,-46,-67,-60,-60,-320,-324,-341,-314,-625,-645,-682,-682,-682,-529,-820,-925,-1165,-958,-29999,-29999]} 1. d4 f5 2. Nf3 Nf6 3. c4 g6 4. Nc3 Bg7 5. e3 O-O 6. Be2 d6 7. O-O c6 8. Qb3 Kh8 9. Rd1 Qc7 10. d5 Nbd7 11. Bd2 e5 12. dxe6 Nc5 13. Qc2 Bxe6 14. Be1 Rad8 15. Rac1 Qe7 16. Nd4 Bg8 17. b4 Nce4 18. b5 c5 19. Nf3 b6 20. a4 d5 21. Nxd5 Nxd5 22. cxd5 Bxd5 23. Bc4 Qe6 24. Bxd5 Rxd5 25. Rxd5 Qxd5 26. Rd1 Qg8 27. Rd7 Rf7 28. Rxf7 Qxf7 29. Nd2 Nc3 30. Nf3 Qa2 31. Qd3 Qd5 32. Qc2 Ne4 33. Nd2 Nd6 34. Nb1 Kg8 35. Bc3 Qc4 36. Qd2 Ne4 37. Qd8+ Bf8 38. Be1 Qe2 39. Qd5+ Kg7 40. Bc3+ Nxc3 41. Qe5+ Kf7 42. Qc7+ Be7 43. Nxc3 Qe1# 0-1

[Event "Thüringenliga 2024/25"]
[Site "?"]
[Date "2025.04.27"]
[Round "8.6"]
[White "Riedel, Finn"]
[Black "Maiwald, Harald"]
[Result "1-0"]
[WhiteElo "1994"]
[BlackElo "1923"]
[PlyCount "83"]
[EventDate "2024.09.15"]
[EventType "team-tourn"]
[EventRounds "9"]
[WhiteTeam "SSV Vimaria 91 Weimar"]
[BlackTeam "TSG Apolda"]

{[%evp 0,83,22,-5,-5,-27,23,7,17,18,15,14,24,-9,3,18,16,11,11,4,36,-3,5,2,6,-20,5,-21,23,-30,-4,15,32,30,25,22,25,-31,-19,-39,-43,-45,-45,-45,-15,-50,-2,-46,-40,-55,-52,-13,-13,0,0,0,49,20,50,181,181,190,237,283,251,251,265,130,217,178,151,178,296,296,276,290,288,297,316,338,394,482,476,483,511,520]} 1. c4 Nf6 2. g3 g6 3. Bg2 d5 4. cxd5 Nxd5 5. d4 Bg7 6. e4 Nb6 7. Ne2 O-O 8. O-O Nc6 9. e5 Bg4 10. f3 Be6 11. Nbc3 Qd7 12. b3 Rad8 13. Be3 Nb4 14. Ne4 Qc8 15. Qd2 N6d5 16. Bh6 f6 17. Bxg7 Kxg7 18. exf6+ exf6 19. a3 Nc6 20. Rac1 Nde7 21. Qb2 Nf5 22. Rfd1 Bd5 23. Rd3 Rfe8 24. b4 Qd7 25. b5 Na5 26. Qb4 b6 27. Nf4 Bf7 28. d5 g5 29. Qc3 Rxe4 30. fxe4 Nd6 31. Ne6+ Bxe6 32. dxe6 Qxe6 33. Qxc7+ Rd7 34. Qc2 Re7 35. a4 Nxe4 36. Re1 f5 37. Bxe4 fxe4 38. Rde3 Qd6 39. Rxe4 Rc7 40. Qxc7+ Qxc7 41. Re7+ Qxe7 42. Rxe7+ 1-0

[Event "Thüringenliga 2024/25"]
[Site "?"]
[Date "2025.04.27"]
[Round "8.7"]
[White "Walther, Cliff"]
[Black "Homberger, Jan"]
[Result "1-0"]
[WhiteElo "1989"]
[BlackElo "1864"]
[PlyCount "167"]
[EventDate "2024.09.15"]
[EventType "team-tourn"]
[EventRounds "9"]
[WhiteTeam "TSG Apolda"]
[BlackTeam "SSV Vimaria 91 Weimar"]

{[%evp 0,167,17,17,17,-20,31,16,24,11,7,-19,12,10,15,34,26,26,22,10,24,9,65,12,54,15,65,-101,-14,-14,-31,-31,-7,-5,0,0,9,30,37,0,2,3,10,0,16,13,41,34,34,48,110,83,103,43,71,57,185,15,186,143,193,104,175,140,196,236,235,213,155,150,174,133,130,149,139,110,223,222,207,197,197,110,191,193,217,202,202,177,182,169,177,160,152,116,222,224,230,232,235,116,150,111,111,111,144,50,58,36,33,33,33,28,33,30,29,30,33,33,33,30,33,33,33,33,33,33,33,33,33,33,281,33,31,31,31,28,28,28,31,31,31,31,31,30,31,31,30,30,206,264,361,371,396,438,1016,1015,1015,1022,1022,1022,1022,1022,1022,1032,1032,1032,29979,29980,29981,29982]} 1. d4 Nf6 2. c4 g6 3. g3 Bg7 4. Bg2 O-O 5. Qb3 c6 6. Nc3 d6 7. Nf3 Nbd7 8. O-O e5 9. Rd1 Qc7 10. e4 a6 11. a4 Rb8 12. Be3 Ng4 13. Bg5 h6 14. Bc1 exd4 15. Nxd4 Nc5 16. Qc2 a5 17. Nce2 Bd7 18. h3 Nf6 19. Bf4 g5 20. Be3 Rfe8 21. Nc3 Be6 22. b3 g4 23. h4 Rbd8 24. Rab1 Na6 25. Qd2 Kh7 26. Re1 Nb4 27. Nc2 d5 28. exd5 cxd5 29. Nxb4 axb4 30. Nb5 Qe7 31. c5 Nd7 32. Rbc1 Ne5 33. Bd4 Nc6 34. Bxg7 Kxg7 35. Nd6 Rxd6 36. cxd6 Qxd6 37. Red1 Ne7 38. Qd4+ Kg8 39. Rc5 Nc6 40. Rxd5 Bxd5 41. Qxg4+ Qg6 42. Qxg6+ fxg6 43. Bxd5+ Kg7 44. Bxc6 bxc6 45. Rd7+ Kf6 46. Rd6+ Kf5 47. Rxc6 Re1+ 48. Kg2 Rb1 49. Rc5+ Kf6 50. g4 Rxb3 51. Rb5 g5 52. hxg5+ hxg5 53. Kf1 Rb2 54. Ke1 b3 55. f3 Ra2 56. Rxb3 Rxa4 57. Ke2 Rc4 58. Ke3 Ra4 59. Rc3 Rb4 60. Rc6+ Kf7 61. Rd6 Ke7 62. Rd4 Rb1 63. Ra4 Kf6 64. Ra6+ Ke5 65. Ra5+ Kf6 66. Rf5+ Kg6 67. Ke4 Rb4+ 68. Kd3 Ra4 69. Rc5 Kf6 70. Rf5+ Kg6 71. Rd5 Ra1 72. Rd6+ Kf7 73. Ke4 Ra5 74. Rd5 Ra4+ 75. Kf5 Rf4+ 76. Kxg5 Rxf3 77. Rf5+ Rxf5+ 78. Kxf5 Kg7 79. Kg5 Kg8 80. Kg6 Kh8 81. g5 Kg8 82. Kh6 Kh8 83. g6 Kg8 84. g7 1-0

[Event "Thüringenliga 2024/25"]
[Site "?"]
[Date "2025.04.27"]
[Round "8.8"]
[White "Günther, Andreas"]
[Black "Krug, Klaus-Peter"]
[Result "1/2-1/2"]
[WhiteElo "2110"]
[BlackElo "1805"]
[PlyCount "111"]
[EventDate "2024.09.15"]
[EventType "team-tourn"]
[EventRounds "9"]
[WhiteTeam "SSV Vimaria 91 Weimar"]
[BlackTeam "TSG Apolda"]

{[%evp 0,111,17,-8,35,17,9,0,26,5,19,22,32,45,49,47,60,26,41,47,52,32,59,20,34,9,20,3,40,40,46,30,64,14,29,7,35,13,80,74,121,77,191,94,101,78,280,179,137,108,209,101,110,110,94,96,96,79,79,57,64,59,76,50,108,105,453,92,514,41,220,82,158,135,113,131,235,303,303,222,332,140,163,110,120,121,208,223,227,203,257,261,276,279,273,298,291,291,276,210,275,209,242,221,216,144,144,98,128,70,131,125,112,-34]} 1. b3 d6 2. Bb2 e5 3. e3 c6 4. d4 Nd7 5. c4 Be7 6. Bd3 Ngf6 7. Nc3 a6 8. a4 O-O 9. Nge2 Re8 10. O-O Bf8 11. Ng3 g6 12. f4 Bg7 13. Bc2 Nf8 14. f5 exd4 15. exd4 d5 16. c5 a5 17. Qf3 Qe7 18. Rad1 Bd7 19. Bc1 b6 20. cxb6 Qb4 21. Bf4 Qxb6 22. Kh1 Bxf5 23. Nxf5 gxf5 24. Be5 Ne4 25. Qxf5 Rxe5 26. dxe5 Nxc3 27. Qxf7+ Kh8 28. Rde1 Qa7 29. Qh5 Ne4 30. Bxe4 dxe4 31. Rxe4 Ng6 32. e6 Re8 33. h3 Qc7 34. Rf5 Qd6 35. Qe2 Nf8 36. e7 Ng6 37. Rxa5 c5 38. Ra6 Qd5 39. Rae6 Kg8 40. Qc4 Qxc4 41. Rxc4 Kf7 42. Re2 Nxe7 43. Rxc5 Bf6 44. g4 h6 45. b4 Rd8 46. b5 Rd1+ 47. Kg2 Nd5 48. Rf2 Ke7 49. Rc6 Bg5 50. Kf3 Nf4 51. Ke4 Nxh3 52. Ra2 Re1+ 53. Kd3 Nf4+ 54. Kc4 Ne6 55. Kb4 Kd7 56. Rb2 1/2-1/2

[Event "Thüringenliga 2024/25"]
[Site "?"]
[Date "2025.04.27"]
[Round "8.1"]
[White "Vetter, Udo"]
[Black "Kölsch, Maximilian"]
[Result "0-1"]
[WhiteElo "1519"]
[BlackElo "2140"]
[PlyCount "40"]
[EventDate "2024.09.15"]
[EventType "team-tourn"]
[EventRounds "9"]
[WhiteTeam "ESV Lok Sömmerda"]
[BlackTeam "SV Schott Jena"]

{[%evp 0,40,17,-11,20,14,21,4,23,20,20,17,70,7,11,11,20,25,30,14,27,32,56,62,65,6,47,-31,56,39,86,121,224,260,296,-129,196,-158,-759,-29993,-29994,-29997,-29998]} 1. c4 c5 2. Nc3 Nc6 3. Nf3 e5 4. d3 d6 5. g3 f5 6. e3 Nf6 7. Bg2 Be7 8. O-O O-O 9. a3 Qe8 10. Rb1 Qh5 11. Nd2 Qh6 12. b4 f4 13. Nde4 Ng4 14. h3 f3 15. hxg4 Bxg4 16. Bh1 Rf5 17. d4 Raf8 18. Nd2 Rh5 19. Bxf3 Rxf3 20. Nxf3 Rh1+ 0-1

[Event "Thüringenliga 2024/25"]
[Site "?"]
[Date "2025.04.27"]
[Round "8.2"]
[White "Junge, Mattheo Gabriel"]
[Black "Koksch, Robert"]
[Result "1/2-1/2"]
[WhiteElo "1842"]
[BlackElo "1928"]
[PlyCount "34"]
[EventDate "2024.09.15"]
[EventType "team-tourn"]
[EventRounds "9"]
[WhiteTeam "SV Schott Jena"]
[BlackTeam "ESV Lok Sömmerda"]

{[%evp 0,34,17,34,59,72,69,33,33,41,49,54,54,16,16,8,19,32,19,30,15,25,26,30,30,30,36,46,27,13,19,-10,17,-14,-9,-22,9]} 1. e4 c6 2. d4 d5 3. f3 e6 4. Nc3 Nf6 5. e5 Nfd7 6. f4 c5 7. Nf3 cxd4 8. Nxd4 Nc6 9. Be3 Bc5 10. Qd2 Nxd4 11. Bxd4 Bxd4 12. Qxd4 Qb6 13. Qxb6 Nxb6 14. Bd3 Bd7 15. O-O a6 16. Rad1 Rc8 17. Rd2 Nc4 1/2-1/2

[Event "Thüringenliga 2024/25"]
[Site "?"]
[Date "2025.04.27"]
[Round "8.3"]
[White "Kalisch, Michael"]
[Black "Abou Wally, Adrian"]
[Result "1/2-1/2"]
[WhiteElo "2084"]
[BlackElo "1921"]
[PlyCount "34"]
[EventDate "2024.09.15"]
[EventType "team-tourn"]
[EventRounds "9"]
[WhiteTeam "ESV Lok Sömmerda"]
[BlackTeam "SV Schott Jena"]

{[%evp 0,34,29,17,17,17,51,57,40,47,31,28,49,11,9,8,16,-11,15,6,8,-2,1,15,16,12,45,35,33,31,48,35,23,24,22,27,42]} 1. d4 Nf6 2. Bf4 g6 3. Nc3 d5 4. e3 Bg7 5. h4 h5 6. Nb5 Na6 7. Nf3 O-O 8. Be2 Bg4 9. Ne5 Bxe2 10. Qxe2 c6 11. Nc3 Qa5 12. O-O c5 13. Qb5 Qxb5 14. Nxb5 cxd4 15. exd4 Nb4 16. c3 Nc6 17. a4 Nxe5 1/2-1/2

[Event "Thüringenliga 2024/25"]
[Site "?"]
[Date "2025.04.27"]
[Round "8.4"]
[White "Babrikowski, Peter"]
[Black "Kühn, Martin"]
[Result "1/2-1/2"]
[WhiteElo "2026"]
[BlackElo "2092"]
[PlyCount "27"]
[EventDate "2024.09.15"]
[EventType "team-tourn"]
[EventRounds "9"]
[WhiteTeam "SV Schott Jena"]
[BlackTeam "ESV Lok Sömmerda"]

{[%evp 0,27,31,17,19,19,17,15,28,28,16,3,4,-11,17,23,20,-4,13,10,19,8,44,39,45,39,27,25,52,18]} 1. d4 d5 2. Nf3 Nf6 3. e3 Bf5 4. Bd3 Bg6 5. O-O e6 6. b3 c6 7. Bb2 Nbd7 8. Qe2 Bd6 9. Nbd2 Ne4 10. Ne5 Qc7 11. f4 f5 12. Ndf3 Bh5 13. Qe1 Ndf6 14. Qh4 1/2-1/2

[Event "Thüringenliga 2024/25"]
[Site "?"]
[Date "2025.04.27"]
[Round "8.5"]
[White "Siegemund, Joachim"]
[Black "Dreyer, Michael"]
[Result "1/2-1/2"]
[WhiteElo "1919"]
[BlackElo "1977"]
[PlyCount "24"]
[EventDate "2024.09.15"]
[EventType "team-tourn"]
[EventRounds "9"]
[WhiteTeam "ESV Lok Sömmerda"]
[BlackTeam "SV Schott Jena"]

{[%evp 0,24,31,29,20,20,74,69,114,50,43,13,36,27,35,35,32,-7,27,22,21,17,10,10,19,9,57]} 1. e4 e5 2. Nf3 d6 3. d4 Nf6 4. dxe5 Nxe4 5. Qd5 Nc5 6. Bg5 Be7 7. exd6 Qxd6 8. Bc4 Qe6+ 9. Qxe6 Bxe6 10. Bxe7 Kxe7 11. Nbd2 Bxc4 12. Nxc4 Nbd7 1/2-1/2

[Event "Thüringenliga 2024/25"]
[Site "?"]
[Date "2025.04.27"]
[Round "8.6"]
[White "Jung, Florian"]
[Black "Bachmann, Nick"]
[Result "1-0"]
[WhiteElo "1960"]
[BlackElo "1881"]
[PlyCount "101"]
[EventDate "2024.09.15"]
[EventType "team-tourn"]
[EventRounds "9"]
[WhiteTeam "SV Schott Jena"]
[BlackTeam "ESV Lok Sömmerda"]

{[%evp 0,101,20,23,17,21,43,48,56,54,55,20,13,8,19,11,7,-4,35,37,7,26,9,36,34,29,28,32,38,58,43,26,44,30,71,65,33,-17,5,-3,-7,1,-13,-21,0,-3,-29,-56,-16,-20,0,-6,-11,-24,1,0,0,0,25,14,19,59,69,81,82,61,45,58,125,107,119,124,131,134,149,173,179,177,177,136,130,119,119,101,137,103,100,100,100,88,171,304,341,57,48,32,359,362,374,362,29997,29998,29999,29999]} 1. d4 Nf6 2. Nf3 c5 3. e3 g6 4. Be2 Bg7 5. a3 cxd4 6. exd4 d5 7. h3 O-O 8. O-O b6 9. Re1 Bb7 10. Bf4 Ne4 11. Nbd2 Nc6 12. c3 Nd6 13. Nf1 a6 14. Ne3 e6 15. Bd3 h5 16. Qb1 Ne4 17. Bxe4 dxe4 18. Ng5 e5 19. dxe5 Nxe5 20. Bxe5 Qxg5 21. Bxg7 Kxg7 22. Rd1 Rad8 23. Qa2 Qe5 24. Qc4 b5 25. Qe2 f5 26. Rxd8 Rxd8 27. Rd1 Rxd1+ 28. Qxd1 Qe6 29. Qd4+ Kh7 30. g3 g5 31. Qc5 Kg6 32. Qc7 Bc6 33. h4 Be8 34. hxg5 Kxg5 35. Qd8+ Kg6 36. Nd5 Qf7 37. Qd6+ Kg7 38. Qe5+ Kh6 39. Nf4 Kh7 40. Kh2 Bd7 41. Kh3 Qg7 42. Qd6 h4 43. Kg2 e3 44. Nh5 e2 45. Nxg7 e1=Q 46. Nh5 h3+ 47. Kh2 Be6 48. Qd4 Kh6 49. Nf4 Bc4 50. Qh8+ Kg5 51. Qg7# 1-0